Six Sigma v leteckej praxi

Guardado en:
Detalles Bibliográficos
Autor principal: Tkáč, Michal, 1958-
Otros Autores: Olejník, František
Formato: Capítulo de libro
Lenguaje:eslovaco
Etiquetas: Agregar Etiqueta
Sin Etiquetas, Sea el primero en etiquetar este registro!

MARC

LEADER 00000naa$a2200000$$$4500
001 0060258
005 20240502071650.9
041 0 |a slo 
044 |a SK 
245 1 0 |a Six Sigma v leteckej praxi  |c Michal Tkáč, František Olejník 
100 1 |a Tkáč, Michal, 1958- 
700 1 |a Olejník, František